000
00262nam a2200097Ia 4500
001
675321
005
20250826160939.0
008
250824s9999 xx 000 0 und d
245
0
_a
Rüzgâr Hakkında Hemen Hemen Her Şey
_c
Bob Harvey
260
_b
TÜBİTAK YAYINLARI
999
_c
675321
_d
675321